000 00323nam a2200145 i 4500
001 bg
100 1 _aBEYER, Hans
245 0 _aLehrbuch der Organischen Chemie /
_cH. Beyer.
260 _aLeipzig,
_c1969.
040 _cBPK
041 _apol
080 _a547
942 _cKS
008 s pl f |000 0 pol
999 _c11700
_d11700
856 _uhttp://koha.tu.koszalin.pl/cgi-bin/koha/opac-detail.pl?biblionumber=11700
_yKatalog online BPK